Cooperative learning / (Record no. 16969)

000 -LEADER
fixed length control field 01240cam a22002897a 4500
008 - FIXED-LENGTH DATA ELEMENTS--GENERAL INFORMATION
fixed length control field 040203s1994 caua bf 001 0 eng d
010 ## - LIBRARY OF CONGRESS CONTROL NUMBER
LC control number 2004268363
020 ## - INTERNATIONAL STANDARD BOOK NUMBER
International Standard Book Number 1879097109
020 ## - INTERNATIONAL STANDARD BOOK NUMBER
International Standard Book Number 9781879097100
050 00 - LIBRARY OF CONGRESS CALL NUMBER
Classification number LB1032 .K25 1994
100 1# - MAIN ENTRY--PERSONAL NAME
Personal name Kagan, Spencer.
245 10 - TITLE STATEMENT
Title Cooperative learning /
Statement of responsibility, etc. Spencer Kagan.
260 ## - PUBLICATION, DISTRIBUTION, ETC. (IMPRINT)
Place of publication, distribution, etc. San Clemente, CA :
Name of publisher, distributor, etc. Kagan,
Date of publication, distribution, etc. c1994.
300 ## - PHYSICAL DESCRIPTION
Extent 1 v. (various pagings) :
Other physical details ill. ;
Dimensions 28 cm.
504 ## - BIBLIOGRAPHY, ETC. NOTE
Bibliography, etc Includes bibliographical references and index.
650 #0 - SUBJECT ADDED ENTRY--TOPICAL TERM
Topical term or geographic name as entry element Group work in education
Form subdivision Handbooks, manuals, etc.
650 #0 - SUBJECT ADDED ENTRY--TOPICAL TERM
Topical term or geographic name as entry element Team learning approach in education
Form subdivision Handbooks, manuals, etc.
650 #0 - SUBJECT ADDED ENTRY--TOPICAL TERM
Topical term or geographic name as entry element Cooperativeness in children.
942 ## - ADDED ENTRY ELEMENTS (KOHA)
Source of classification or shelving scheme
Koha item type Hard Covered Materials
Classification part LB1032 .K25 1994
Holdings
Withdrawn status Lost status Source of classification or shelving scheme Damaged status Not for loan Home library Current library Shelving location Date acquired Source of acquisition Total Checkouts Full call number Barcode Date last seen Price effective from Koha item type
          MACHAKOS UNIVERSITY LIBRARY MACHAKOS UNIVERSITY LIBRARY Technical section 18/11/2016 Donation(BFA)   LB1032 .K25 1994 26910 11/07/2018 18/11/2016 Hard Covered Materials
© Machakos University Library, Along The Highway, Machakos Wote Rd, Machakos, Kenya P.O. Box 136 - 90100 Machakos - Kenya

Tel: ( +254 ) 723 805829 OR Fax : 044-20353 OR Email: library@mksu.ac.ke